000 00364nam a22001337a 4500
008 160321b xxu||||| |||| 00| 0 eng d
245 _anwqbndiyhbfvew
_cby Juliet Changole...[et al.].
250 _a2nd ed.
300 _axx, 207p.
_bill.
650 _aMusic
_xSocial aspects
700 _aChangole, Juliet...[et al.].
700 _aPembee, Peter
942 _2lcc
_cBK
999 _c15894
_d15894